Statistiques concernant Pays avec les plus faibles pourcentages de terres cultivées

Cliquez ici pour prendre le quiz!

Statistiques générales

  • Ce quiz a été pris 123 fois
  • Le résultat moyen est 9 sur 20

Statistiques - réponses

Pourcentage de
terres cultivées
ContinentPays% Correct
0%EuropeVatican
84%
0%EuropeMonaco
81%
0%OcéanieNauru
58%
1.3%AsieQatar
58%
0.04%AfriqueDjibouti
56%
1.0%AsieÉmirats arabes unis
54%
0.07%EuropeIslande
49%
1.6%AsieArabie Saoudite
46%
0.9%AsieKoweït
44%
0.2%AsieOman
44%
0.4%Amérique du SudSuriname
42%
1.8%AfriqueRépublique Démocratique du Congo
38%
1.8%AfriqueRépublique du Congo
38%
0.4%AfriqueMauritanie
37%
1.8%AfriqueSomalie
37%
0.4%AsieMongolie
32%
1.2%AfriqueLibye
29%
0.9%Amérique du NordBahamas
28%
1.0%AfriqueNamibie
28%
0.6%AfriqueBotswana
22%

Distribution des résultats

Percentile par nombre de réponses

% des personnes avec chaque résultat

Votre développement - résultats

Vous n’avez pas pris ce quiz